| 000 | 00406 a2200145 4500 | ||
|---|---|---|---|
| 005 | 20250628130353.0 | ||
| 020 | _a0 7005 0609 8 | ||
| 082 | _a378.41LOC. | ||
| 100 | _aLOCKWOOD, G. | ||
| 245 | _aUniversities: The Management Challenge, | ||
| 260 |
_aNew York, _bThe NFER-NELSON Publishing Limited, _c1985. |
||
| 300 |
_axii.; 360p.; Ill.; picture, _bIndex, _c23cm. |
||
| 700 | _aDavies, j. | ||
| 942 |
_2ddc _cBKS |
||
| 999 |
_c6014 _d6014 |
||